LEADER 00995cam0-22003491i-450- 001 990006954960403321 005 20060706121608.0 010 $a88-15-07116-4 035 $a000695496 035 $aFED01000695496 035 $a(Aleph)000695496FED01 035 $a000695496 100 $a20010917d1999----km-y0itay50------ba 101 0 $aita 102 $aIT 105 $ay-------001yy 200 1 $aChe cosa farņ da grande$eimparare a scegliere il proprio futuro$fa cura di Luciano Arcuri 210 $aBologna$cIl Mulino$d1999 215 $a190 p.$d20 cm 225 1 $aOrientamenti$ile guide del Mulino 610 0 $aOrientamento scolastico 610 0 $aOrientamento professionale 676 $a371.425 702 1$aArcuri,$bLuciano 801 0$aIT$bUNINA$gRICA$2UNIMARC 901 $aBK 912 $a990006954960403321 952 $aIX A 1026$b36593$fFSPBC 952 $aIX A 1139$b39832$fFSPBC 959 $aFSPBC 996 $aChe cosa farņ da grande$9702044 997 $aUNINA